000 00385pab a2200145 454500
008 180718b1983 xxu||||| |||| 00| 0 eng d
100 _aBagchi, Amiya Kumar
245 _aTowards a correct reading of Lenin's theory of imperialism
260 _c1983
300 _aP.E. 2-12
362 _a30 July
650 _aImperialism
773 _aEconomic and Political Weekly
909 _a10226
999 _c10226
_d10226